4 oeufs
<< Retourner aux résultats de la recherche
| Auteur principal : | Françoise de Guibert |
|---|---|
| Titre : | 4 oeufs |
| Support : | Livres |
| Langue : | Francais |
| Publié : |
2024 Thierry Magnier [Paris] |
| Genre : |
Album |
| Sujets : | |
| Étiquettes : |
Pas de tags
|
| LEADER | 00766nam0a2200193 450 | ||
|---|---|---|---|
| 001 | 16866876 | ||
| 010 | |a 979-10-352-0720-5 |b cart. |d 12,5 | ||
| 100 | |a 20240103d2024 u u0frey01 ba | ||
| 101 | 0 | |a fre | |
| 102 | |a FR | ||
| 200 | 0 | |a 4 oeufs |f Françoise de Guibert | |
| 207 | 1 | |a | |
| 210 | |a [Paris] |c Thierry Magnier |d 2024 | ||
| 215 | |a 1 vol. (22 p.) |c illustrations en couleur |d 20 cm | ||
| 330 | |a Quatre oeufs de différentes couleurs sont sur le point d'éclore. Quatre petits animaux en sortent : un caneton, un caméléon, une tortue et un lézard. Electre 2024 | ||
| 700 | 0 | |a Guibert |b Françoise de |f 1970-.... |4 70 | |
| 900 | |a Album | ||
| 901 | |a Jeunesse | ||
| 995 | |a Médiathèque |c Médiathèque |f 00156010431864 |h 00156010431864 |k A GUI BB |o p |q j |r az |e Médiathèque | ||